Diabetes

Bibliographic Details
Main Author: McLaughlin, Chris
Format: Book
Published: London : Ward Lock Book , 1994
Subjects:

MARC

LEADER 00000cam a2200000 7i4500
001 0000014607
002 000015994
005 20000330.0
020 |a 0706372581 
090 0 0 |a 616.462   |b MCL 
100 1 |a McLaughlin, Chris 
245 1 0 |a Diabetes   |c Chris McLaughlin 
260 |a London :   |b Ward Lock Book ,   |c 1994 
300 |a 80p. :   |b ill. ;   |c 23cm. 
650 0 0 |a Diabetes   |x Popular works 
999 |a 040902   |b BUKU   |c PINJAMAN   |e PERPUSTAKAAN KOMUNITI PETALING JAYA 
999 |a 040903   |b BUKU   |c PINJAMAN   |e PERPUSTAKAAN KOMUNITI PETALING JAYA